000 00489nam a2200181Ia 4500
001 7570
005 20260306160505.0
008 260306t2019||||xx |||||||||||||| ||spa||
041 _aESP
082 _a351.0985
_bA59
100 _aAndía Valencia, Walter
_eAUT
245 0 _aManual de gestión pública:
_bpautas para la aplicación de los sistemas administrativos
260 _c2019
300 _a434 páginas :
_c24 cm.
650 _aGEN
654 _aCAN
942 _cLIB
_dJUS
_fJUS
_2ddc
_n
999 _c7570
_d7570